Normal view
MARC view
Entry Personal Name
001 - CONTROL NUMBER
- control field: 51117
003 - CONTROL NUMBER IDENTIFIER
- control field: dpl
005 - DATE AND TIME OF LATEST TRANSACTION
- control field: 20120816111504.0
008 - FIXED-LENGTH DATA ELEMENTS
- fixed length control field: 120816|||a|||||| | ||| d
040 ## - CATALOGING SOURCE
- Original cataloging agency: dpl
- Transcribing agency: dpl
100 ## - HEADING--PERSONAL NAME
- Personal name: Zafar ahmed
670 ## - SOURCE DATA FOUND
- Source citation: Work cat.: (dpl): Zafar ahmed, Future of islam in South Asia/, 2003
670 ## - SOURCE DATA FOUND
- Source citation: Work cat.: (dpl): Zafar ahmed, Future of islam in South Asia/, 2003
